000 00643nam a2200205 i 4500
001 50635
003 ES-MaACL
005 20231227180007.0
007 t|
008 030805s1965 sp ||||1| spa d
100 1 _aChaffard, Georges.
_937781
245 1 3 _aLa guerra del Vietnam /
_cGeorges Chaffard ; [traducción de Joaquín de Entrambasaguas].
260 _aMadrid :
_bCid,
_c1965.
300 _a283 p. :
_bmap. ;
_c20 cm.
490 1 _aVortice ;
_v24
700 1 _aEntrambasaguas, Joaquín de,
_d1904-1995
_947309
830 0 _aVortice ;
_v24
_9186454
852 _aES-MaACL
_jC-28160
_bR.57455
999 _c50635
_d50635